| 000 | 00685nam a22002177a 4500 | ||
|---|---|---|---|
| 003 | 0 | ||
| 005 | 20240910101903.0 | ||
| 008 | 240910b xxu||||| |||| 00| 0 eng d | ||
| 082 |
_aTR 649.1 _bCh466 2014 |
||
| 100 | _aChapman, Gary | ||
| 245 |
_aThe 5 love languages of children _cwritten by Gary Chapman |
||
| 260 |
_aMakati City _bChurch Strengthening Ministry, Inc. Publishing _cc2014 |
||
| 300 |
_a212 pages : _bill. : _c21cm. |
||
| 500 | _aIncludes the love language mystery game. | ||
| 504 | _aIncludes bibliographical references. | ||
| 650 | _aChild psychology. | ||
| 650 | _aParent and child. | ||
| 650 | _aChild rearing. | ||
| 700 | _aCampbell, Ross | ||
| 942 |
_2ddc _cBK |
||
| 999 |
_c366197 _d366197 |
||